Review of medical physiology. (22nd ed.) (Record no. 32619)

MARC details
000 -LEADER
fixed length control field 00505nam a2200193 a 4500
005 - DATE AND TIME OF LATEST TRANSACTION
control field 20251015132801.0
008 - FIXED-LENGTH DATA ELEMENTS--GENERAL INFORMATION
fixed length control field 121012s2005 ||||||||||||||||| || u
020 ## - INTERNATIONAL STANDARD BOOK NUMBER
International Standard Book Number 0071248277
040 ## - CATALOGING SOURCE
Transcribing agency CBULIB
050 ## - LIBRARY OF CONGRESS CALL NUMBER
Classification number QP 34.5 Gan
100 ## - MAIN ENTRY--PERSONAL NAME
Personal name Ganong, William F
245 10 - TITLE STATEMENT
Title Review of medical physiology. (22nd ed.)
Statement of responsibility, etc. byWilliam F. Ganong
250 ## - EDITION STATEMENT
Edition statement 22nd ed.
260 ## - PUBLICATION, DISTRIBUTION, ETC.
Place of publication, distribution, etc. Boston:
Name of publisher, distributor, etc. McGraw-Hill
Date of publication, distribution, etc. 2005
300 ## - PHYSICAL DESCRIPTION
Extent xii, 912p.: ill.
650 #3 - SUBJECT ADDED ENTRY--TOPICAL TERM
Topical term or geographic name entry element ANATOMY
650 #0 - SUBJECT ADDED ENTRY--TOPICAL TERM
Topical term or geographic name entry element HUMAN PHYSIOLOGY
942 ## - ADDED ENTRY ELEMENTS (KOHA)
Koha item type MONOGRAPH
999 ## -
-- 32619
-- 32619
Holdings
Withdrawn status Lost status Source of classification or shelving scheme Damaged status Not for loan Permanent Location Current Location Shelving location Date acquired Total Checkouts Full call number Barcode Date last seen Date last checked out Price effective from Koha item type
          CBU-SCHOOL OF MEDICINE LIBRARY, NDOLA. CBU-SCHOOL OF MEDICINE LIBRARY, NDOLA. School of Medicine Collection - Hospital Campus 11/30/2022 1 QP 34.5 Gan 901799 10/15/2025 10/15/2025 11/30/2022 MONOGRAPH